Methods for data collection from fitness trackers

Uložené v:
Podrobná bibliografia
Hlavný autor: Lukáčik, Patrik (Autor)
Ďalší autori: Helebrandt, Pavol (Vedúci práce)
Médium: Rukopis Kniha
Jazyk:Slovak
English
Vydavateľské údaje: 2023
Predmet:
On-line prístup:http://is.stuba.sk/zp/portal_zp.pl?podrobnosti=160501
Tagy: Pridať tag
Žiadne tagy, Buďte prvý, kto otaguje tento záznam!

MARC

LEADER 00000ntm a22000003a 4500
001 stuzp92460
003 SK-STU
005 20230909213236.4
007 ta
008 150427s2015----xo-----f-mn---000-0-slo-d
040 |a STU  |b slo 
041 0 |a eng 
100 1 |a Lukáčik, Patrik  |u 070400  |4 aut  |U FIIT Fakulta informatiky a informačných technológií  |T FIIT Ústav počítačového inžinierstva a aplikovanej informatiky  |X 103033  |U I400  |Y 672  |7 103033 
242 0 1 |a Metódy získavania dát zo zariadení na monitorovanie fyzickej aktivity  |y slo 
245 1 0 |a Methods for data collection from fitness trackers 
260 |c 2023 
650 4 |a Analýza paketov  |2 slo 
650 4 |a Fitness tracker  |2 slo 
650 4 |a Sniffingový útok  |2 slo 
650 4 |a Mi Band  |2 slo 
650 4 |a nRF52840  |2 slo 
650 4 |a Packet analysis  |2 eng 
650 4 |a nRF52840  |2 eng 
650 4 |a Fitness tracker  |2 eng 
650 4 |a Sniffing attack  |2 eng 
650 4 |a Mi Band  |2 eng 
700 1 |a Helebrandt, Pavol  |u 070400  |k Z1  |4 ths  |U FIIT Fakulta informatiky a informačných technológií  |T FIIT Ústav počítačového inžinierstva a aplikovanej informatiky  |X 35267  |U I400  |Y 672  |7 35267 
856 4 |u http://is.stuba.sk/zp/portal_zp.pl?podrobnosti=160501